| 000 | 00811nam a2200229 a 4500 | ||
|---|---|---|---|
| 001 | BRCA_9100 | ||
| 005 | 20190320210525.0 | ||
| 008 | 051017s1782----it-#######---#000-0#lat-# | ||
| 041 | _alat | ||
| 044 | _ait | ||
| 084 |
_aBE69 _b.T54 1782 |
||
| 245 | 1 | 0 | _aTheologia scholastica-dogmatica ex Ss. Patribus, maxime ex D. Augustine, et angelico doctore depromta, et acommodata ad utilitatem juventutis, in octo tomos distributa. |
| 250 | _a2ª ed. | ||
| 260 |
_aRomae _bEx Typographia Hermatheniana _c1782 |
||
| 300 |
_a331 p. (t.6) _c18.5 x 12.5 cm |
||
| 500 | _aSuperiorum Facultate | ||
| 500 | _aEstado físico: presenta encuadernación en pergamino | ||
| 500 | _aEn portada: De deo auctore gratia, et virtutum largitore. | ||
| 650 | 1 | 4 |
_aTeología _ySiglo XVIII _922234 |
| 902 | _aCFM | ||
| 942 |
_2lcc _cB |
||
| 999 |
_c8749 _d8749 |
||